[Event "Weekend Groninger Combinatie 2019"]
[Site "Groningen"]
[Date "2019.05.30"]
[Round "1.11"]
[White "Van t Veld, Menno"]
[Black "De Boer, Bas"]
[Result "0-1"]
[WhiteElo "1901"]
[BlackElo "2095"]
[Annotator "NA"]
[PlyCount "52"]
[EventDate "2019.05.30"]
[EventType "swiss"]
[EventCountry "NED"]
[SourceTitle "playchess.com"]
[Source "ChessBase"]
[SourceQuality "1"]
[TimeControl "5400+30"]

1. e4 {[%emt 1:29:30]} c5 {[%emt 0:00:00]} 2. Nf3 {[%emt 0:00:30]} e6 {[%emt 0:00:30]} 3. d4 {[%emt 0:00:30]} cxd4 {[%emt 0:00:30]} 4. Nxd4 {[%emt 0:00:30]} Nc6 {[%emt 0:00:30]} 5. Nc3 {[%emt 0:00:30]} Qc7 {[%emt 0:00:30]} 6. Be3 {[%emt 0:00:30]} a6 {[%emt 0:00:30]} 7. Qd2 {[%emt 0:00:30]} Nf6 {[%emt 0:00:30]} 8. f3 {[%emt 0:00:30]} Be7 {[%emt 0:00:30] B48: Sicilian: Taimanov: 5 Nc3 Qc7 6 Be3 a6 without Be2} 9. O-O-O {[%emt 0:00:30]} b5 {[%emt 0:00:30]} 10. g4 {[%emt 0:00:30]} Nxd4 {[%emt 0:00:30]} 11. Bxd4 {[%emt 0:00:30]} Bb7 {[%emt 0:00:30]} 12. g5 {[%emt 0:00:30]} (12. Kb1 O-O 13. Rg1 Rac8 14. h4 Rfd8 15. Bh3 Ne8 16. g5 {½-½ (30) Dominguez Perez,L (2739)-Shankland,S (2731) Saint Louis 2019}) 12... Nh5 {[%emt 0:00:30]} 13. Ne2 {[%emt 0:00:30]} Rc8 {[%emt 0:00:30]} 14. Be3 {[%emt 0:00:30]} d5 {[%emt 0:00:30] [#]} 15. Bg2 $146 {[%emt 0:00:30]} ({Predecessor:} 15. e5 d4 16. Nxd4 {½-½ (42) Bauer,C (2622)-Lopez Martinez,J (2543) Linares 2013}) 15... O-O {[%emt 0:00:30]} 16. exd5 {[%emt 0:00:30]} Bxd5 {[%emt 0:00:30]} 17. Nf4 {[%emt 0:00:30]} Bb4 {[%emt 0:00:30]} 18. c3 {[%emt 0:00:30]} Nxf4 {[%emt 0:00:30]} 19. Bxf4 {[%emt 0:00:30]} Qa5 {[%emt 0:00:30]} 20. Be5 {[%emt 0:00:30]} Qxa2 {[%emt 0:00:30]} 21. Qd3 {[%emt 0:00:30]} Be7 {[%emt 0:00:30]} 22. h4 $19 {[%emt 0:00:30]} Bb3 {[%emt 0:00:30]} 23. Rde1 {[%emt 0:00:30]} b4 {[%emt 0:00:30]} 24. f4 {[%emt 0:00:30]} bxc3 {[%emt 0:00:30]} 25. Bxc3 {[%emt 0:00:30]} Rfd8 {[%emt 0:00:30]} 26. Qb1 {[%emt 0:00:30]} Rxc3+ {[%emt 0:00:30]} 0-1

[Event "Weekend Groninger Combinatie 2019"]
[Site "Groningen"]
[Date "2019.05.30"]
[Round "1.12"]
[White "Nicolai, Amir"]
[Black "Den Boer, Paul"]
[Result "1-0"]
[WhiteElo "2095"]
[BlackElo "1877"]
[Annotator "NA"]
[PlyCount "65"]
[EventDate "2019.05.30"]
[EventType "swiss"]
[EventCountry "NED"]
[SourceTitle "playchess.com"]
[Source "ChessBase"]
[SourceQuality "1"]
[TimeControl "5400+30"]

1. d4 {[%emt 1:30:30]} Nf6 {[%emt 0:00:00]} 2. Bf4 {[%emt 0:00:30]} d5 {[%emt 0:00:30]} 3. e3 {[%emt 0:00:30]} c6 {[%emt 0:00:30]} 4. Nd2 {[%emt 0:00:30]} Bg4 {[%emt 0:00:30]} 5. Ngf3 {[%emt 0:00:30]} e6 {[%emt 0:00:30]} 6. h3 {[%emt 0:00:30]} Bxf3 {[%emt 0:00:30]} 7. Qxf3 {[%emt 0:00:30]} Bd6 {[%emt 0:00:30]} 8. Bd3 {[%emt 0:00:30]} c5 {[%emt 0:00:30]} 9. c3 {[%emt 0:00:30]} Nc6 {[%emt 0:00:30]} 10. O-O {[%emt 0:00:30]} cxd4 {[%emt 0:00:30]} 11. exd4 {[%emt 0:00:30]} Bxf4 {[%emt 0:00:30]} 12. Qxf4 {[%emt 0:00:30]} O-O {[%emt 0:00:30]} 13. Rae1 {[%emt 0:00:30]} Qb8 {[%emt 0:00:30]} 14. Qe3 {[%emt 0:00:30]} b5 {[%emt 0:00:30]} 15. f4 {[%emt 0:00:30]} Ne7 {[%emt 0:00:30]} 16. g4 {[%emt 0:00:30]} Re8 {[%emt 0:00:30]} 17. Nf3 {[%emt 0:00:30]} b4 {[%emt 0:00:30]} 18. Ne5 {[%emt 0:00:30]} Qd6 {[%emt 0:00:30]} 19. f5 {[%emt 0:00:30]} exf5 {[%emt 0:00:30]} 20. Bxf5 {[%emt 0:00:30]} Nxf5 {[%emt 0:00:30]} 21. Rxf5 {[%emt 0:00:30]} bxc3 {[%emt 0:00:30]} 22. bxc3 {[%emt 0:00:30]} Rac8 {[%emt 0:00:30]} 23. Ref1 {[%emt 0:00:30]} h6 {[%emt 0:00:30]} 24. g5 {[%emt 0:00:30]} hxg5 {[%emt 0:00:30]} 25. Qxg5 {[%emt 0:00:30]} Re6 {[%emt 0:00:30]} 26. R5f3 {[%emt 0:00:30]} Ne4 {[%emt 0:00:30]} 27. Qh5 {[%emt 0:00:30]} g6 {[%emt 0:00:30]} 28. Qh6 {[%emt 0:00:30]} Rxe5 {[%emt 0:00:30]} 29. dxe5 {[%emt 0:00:30]} Qb6+ {[%emt 0:00:30]} 30. Kh1 {[%emt 0:00:30]} Rxc3 {[%emt 0:00:30]} 31. Rxf7 {[%emt 0:00:30]} Ng3+ {[%emt 0:00:30]} 32. Kg2 {[%emt 0:00:30]} Qb2+ {[%emt 0:00:30]} 33. R1f2 {[%emt 0:00:30]} 1-0

[Event "Weekend Groninger Combinatie 2019"]
[Site "Groningen"]
[Date "2019.05.31"]
[Round "2.1"]
[White "Maris, Ivo"]
[Black "Nicolai, Amir"]
[Result "1-0"]
[WhiteElo "2386"]
[BlackElo "2095"]
[Annotator "TA"]
[PlyCount "103"]
[EventDate "2019.05.30"]
[EventType "swiss"]
[EventCountry "NED"]
[SourceTitle "playchess.com"]
[Source "ChessBase"]
[SourceQuality "1"]

{[%evp 15,103,27,14,13,21,14,0,6,30,-27,-13,-33,-21,-26,8,6,10,7,5,14,13,-24,-16,-7,-19,-28,-1,0,2,2,29,22,32,4,4,3,3,0,4,2,36,52,53,57,47,47,56,59,54,8,32,4,45,44,110,106,301,290,273,266,266,258,258,258,258,258,322,0,309,304,399,398,398,389,342,331,385,382,369,369,597,597,583,584,580,575,544,535,527,482]} 1. d4 Nf6 2. c4 e6 3. Nc3 Bb4 4. Qc2 O-O 5. Nf3 c5 6. dxc5 Na6 7. g3 Nxc5 8. Bg2 b6 9. O-O {E39: Nimzo-Indian: Classical: 4...c5 5 dxc5 0-0} Bb7 10. Nb5 {a3 is the strong threat.} Be4 11. Qd1 {And now a3 would win.The position is equal.} a6 12. Nbd4 (12. Nd6 $142 Bc6 13. Bf4) 12... Nb7 $1 $11 13. Nc2 $146 {[%cal Bd4c2,Bc2e3,Be3g4][%mdl 32]} ({Predecessor:} 13. a3 Be7 14. b3 Rc8 15. Bb2 d6 16. Bh3 Nc5 {0-1 (42) Mihailova,A (1829)-Korotylev,A (2573) Moscow 2018}) 13... Be7 14. Ne3 d5 15. cxd5 Nxd5 16. Ne5 Bxg2 17. Kxg2 Bf6 18. N3g4 Bxe5 19. Nxe5 Qc7 20. Nd3 Nc5 (20... Rfd8 {feels hotter.} 21. Bg5 f6 22. Rc1 Nc5 23. Bd2 Qb7) 21. Nxc5 Qxc5 22. e4 Nf6 23. Be3 $36 {[%mdl 2048] White fights for an advantage.} Qb4 24. Qd4 (24. f3 {is interesting.} Qxb2+ 25. Rf2 Qb5 26. Rb1 Rfd8 27. Qc1) 24... Qxd4 25. Bxd4 Nxe4 26. Bxb6 Rab8 27. Bd4 f6 28. Rfe1 e5 29. Rxe4 {Hoping for Bc3.} exd4 $14 {[%mdl 4096] Endgame KRR-KRR} 30. b3 Rfd8 31. Rd1 Rb4 $1 32. Re7 Rb5 33. Ra7 a5 34. Rc1 d3 ({Better is} 34... h5 $14) 35. Rcc7 $16 Rbd5 $2 (35... Rg5 $16 {is a better defense.} 36. Rd7 Rxd7 37. Rxd7 Kf8) 36. Rxg7+ $18 {[%mdl 64] [#] Double Attack} Kh8 37. Rxh7+ Kg8 38. Rag7+ Kf8 39. Rc7 {[%cal Rh7h8]} Kg8 40. h4 d2 41. Rcg7+ Kf8 {[#]} 42. h5 $1 {[%cal Rh5h6]} Rg5 43. Rh8+ Kxg7 44. Rxd8 Rxh5 45. Rxd2 {KR-KR} Kf7 46. Rd6 Re5 47. Ra6 Kg6 $2 (47... Rg5 48. f4 Rc5) 48. g4 {White is clearly winning.} Rc5 49. Kg3 Rc3+ 50. f3 Rc5 51. Kh4 Rc3 52. f4 {Accuracy: White = 67%, Black = 39%.} 1-0

[Event "Weekend Groninger Combinatie 2019"]
[Site "Groningen"]
[Date "2019.05.31"]
[Round "2.2"]
[White "De Boer, Bas"]
[Black "Zwirs, Nico"]
[Result "1-0"]
[WhiteElo "2095"]
[BlackElo "2386"]
[Annotator "TA"]
[PlyCount "141"]
[EventDate "2019.05.30"]
[EventType "swiss"]
[EventCountry "NED"]
[SourceTitle "playchess.com"]
[Source "ChessBase"]
[SourceQuality "1"]

{[%evp 15,141,24,33,0,0,-2,0,-7,-4,-15,-7,-7,0,0,0,-20,-1,4,16,0,0,0,34,30,80,52,83,10,56,52,49,47,52,60,62,68,225,213,313,287,289,302,289,295,295,289,267,281,360,350,359,365,598,597,588,583,586,245,248,252,252,250,243,244,237,233,235,226,260,212,323,314,548,538,548,535,868,863,826,826,826,811,782,646,6315,2814,29961,29964,29961,29964,29965,29964,29957,6129,29971,29972,29972,29973,29973,29974,29976,29977,29977,29978,29978,29979,29980,29981,29981,29982,29982,29983,29983,29984,29986,29987,29988,29989,29989,29990,29992,29993,29995,29996,29996,29997,29997,4622]} 1. d4 d5 2. c4 dxc4 3. Nf3 Nf6 4. e3 a6 5. Bxc4 e6 6. O-O c5 7. b3 Nbd7 8. Bb2 Be7 9. Nc3 {D27: Queen's Gambit Accepted: Classical main line: 7 e4!? and 7 a4} (9. Be2 b6 10. dxc5 Bxc5 11. Nd4 Bb7 12. Bf3 Bxf3 13. Qxf3 O-O 14. Rd1 Ne5 15. Qe2 Qe7 16. Nd2 Rfc8 {½-½ (36) Shankland,S (2731)-Laznicka,V (2670) Prague 2019}) 9... b5 10. Be2 Bb7 11. Rc1 {The position is equal.} O-O 12. a4 $146 ({Predecessor:} 12. dxc5 Bxc5 13. Rc2 Qb6 14. Qc1 Ng4 15. Nd1 Rac8 16. Bd4 Qd6 17. Bxc5 Rxc5 18. g3 Qc6 19. Rxc5 Nxc5 20. b4 Ne5 21. Qxc5 Nxf3+ 22. Kh1 Qxc5 23. bxc5 Nd2+ 24. Kg1 Nxf1 25. Kxf1 Rc8 26. Ke1 Rxc5 27. Kd2 Kf8 {0-1 (27) Khokhlova,E (1888)-Tletseri,M Dagomys 2009}) 12... b4 13. Nb1 Qb8 14. Nbd2 Rd8 15. Bc4 cxd4 16. Bxd4 Bd6 17. Qe2 h6 18. h3 e5 19. Ba1 Qa7 20. Rfd1 Rac8 21. Nh2 (21. Nf1 $16 Ne4 22. a5) 21... Re8 22. Ng4 Nxg4 23. hxg4 {aiming for g5!} Nb6 {[#]} 24. g5 $1 $36 {[%mdl 2560] White is more active.} hxg5 {[#]} 25. Qh5 $1 {[%csl LRf7,LRg5][%mdl 512]} Ba8 $2 (25... Nxc4 $14 26. Nxc4 {[%mdl 64] Discovered Attack} Be7) 26. Bd3 $18 (26. Qxg5 a5 $14) 26... e4 (26... Rxc1 {was worth a try.} 27. Qh7+ (27. Rxc1 e4 $16) 27... Kf8 28. Rxc1 Qd7 29. Qh8+ (29. Bxa6 Qg4 $16) 29... Ke7 30. Qxg7 {[%mdl 64] Double Attack} Qe6 31. Qxg5+ (31. Bxa6 Qf6 $18) 31... f6) 27. Rxc8 Nxc8 28. Qxg5 {[%csl Ga1][%cal Rg5g7]} Bf8 {[#]} 29. Nxe4 $1 {[%mdl 512]} Bxe4 30. Bxe4 Qe7 ({Avoid the trap} 30... Rxe4 $2 {[#]} 31. Rd8 $1 $18 {[%mdl 512]}) 31. Qxe7 Bxe7 32. Bc6 Rf8 33. Be5 Nb6 $2 (33... Rd8 {was called for.} 34. Rxd8+ Bxd8) 34. a5 Nc8 35. Bb7 Na7 36. Bxa6 (36. Rd7 $142 Re8 37. Bxa6) 36... Nc6 37. Bc7 Nxa5 38. Bxa5 Ra8 39. Rd7 Rxa6 40. Rxe7 Rxa5 {[%mdl 4096] Endgame KR-KR} 41. Rb7 Ra2 42. Rxb4 Rb2 (42... f5 {keeps fighting.} 43. Rf4 g6) 43. g4 g5 $2 (43... g6 {was necessary.} 44. Rb8+ Kg7) 44. Kg2 Kg7 45. Rb6 f6 46. b4 Kf7 47. b5 Rb4 48. Kg3 Rb3 49. Rb8 Kg7 50. b6 Rb1 51. b7 Rb3 52. Kf3 Rb4 53. Ke2 Rb3 54. f4 gxf4 55. exf4 {White mates.} Rb2+ 56. Kd3 Rb3+ 57. Kc4 Rb6 58. f5 Rb1 {[#]} 59. g5 $1 fxg5 {[#]} 60. f6+ $1 {[%mdl 576] Decoy} Kxf6 61. Rf8+ Ke5 62. b8=Q+ Rxb8 63. Rxb8 {KR-KP} Ke4 64. Re8+ Kf3 65. Kd3 g4 66. Rf8+ Kg2 67. Ke2 g3 {[#]} 68. Rg8 $1 Kh2 69. Kf3 g2 70. Rxg2+ Kh1 71. Rf2 {Accuracy: White = 70%, Black = 29%.} 1-0

[Event "Weekend Groninger Combinatie 2019"]
[Site "Groningen"]
[Date "2019.05.31"]
[Round "2.3"]
[White "Elgersma, Simon"]
[Black "De Boer, Eelke"]
[Result "1-0"]
[WhiteElo "2088"]
[BlackElo "2333"]
[Annotator "TA"]
[PlyCount "83"]
[EventDate "2019.05.30"]
[EventType "swiss"]
[EventCountry "NED"]
[SourceTitle "playchess.com"]
[Source "ChessBase"]
[SourceQuality "1"]

{[%evp 12,83,21,14,35,35,35,41,28,25,40,45,33,14,22,6,36,-38,-37,-78,-92,-77,-81,-97,-75,-73,35,-66,-54,-64,0,-78,-66,-78,-35,-29,0,-14,-24,0,0,0,6,-12,-3,0,0,0,0,-197,-218,-203,-135,-182,-218,-205,-194,-376,-374,-358,-365,-575,-516,-560,-553,-1169,-1169,-1169,-1162,-29978,-29979,-29978,-29979,-29970]} 1. e4 c5 2. Nf3 d6 3. d4 cxd4 4. Nxd4 Nf6 5. Nc3 a6 6. h3 e6 7. g4 Be7 {B81: Sicilian Scheveningen: Keres Attack} (7... h6 8. Bg2 Be7 9. Be3 Nc6 10. f4 Nd7 11. O-O Nxd4 12. Qxd4 O-O 13. Qd2 Rb8 14. Ne2 b5 15. Rad1 Bb7 16. e5 Bxg2 17. Kxg2 {0-1 (59) Ponomariov,R (2682)-Wang,H (2795) Hengshui 2019}) 8. g5 Nfd7 9. h4 b5 {White is slightly better.} 10. a3 Bb7 11. Be3 Nc6 12. Rg1 Rc8 13. f4 O-O $146 ({Predecessor:} 13... Nxd4 14. Qxd4 e5 15. Qd2 exf4 {1-0 (42) Quesada Perez,Y (2619)-Quintiliano Pinto,R (2451) Saint Louis 2017}) 14. f5 (14. Nxc6 $14 Rxc6 15. h5) 14... Nxd4 $15 15. Bxd4 {[#]} exf5 $1 16. exf5 {[#]} Re8 $1 {White must now prevent ...Bxg5+.} 17. Be2 Bf8 {...Rxc3! is the strong threat.} 18. Qd3 Qa5 (18... Nc5 $17 19. Qh3 Ne4) 19. b4 (19. O-O-O $14) 19... Qc7 {Strongly threatening ...Ne5.} 20. O-O-O Nc5 ({Black should try} 20... Ne5 $15 21. Qd2 Nc6) 21. bxc5 (21. Qd2 $1 $11) 21... dxc5 $17 22. Bxg7 ({Don't go for} 22. Be3 $2 Red8 $19) 22... c4 23. Qd7 Bxg7 24. Qxc7 Rxc7 25. f6 Bf8 $36 {[%mdl 2048] White is under pressure.} 26. Kb2 Bc6 27. Bh5 a5 28. Nd5 Rd7 29. Bf3 $1 {Hoping for Ne7+!} Kh8 30. Nf4 $2 (30. Rgf1 $11) 30... Rxd1 $19 31. Bxd1 Re3 32. c3 Bd6 33. Ne2 Be5 34. h5 $2 (34. Nd4 Bxd4 35. cxd4) 34... b4 35. axb4 axb4 {[%cal Ba5b4,Bb4c3][%mdl 32]} 36. Rg4 (36. Ka2 {was necessary.} b3+ 37. Ka3) 36... bxc3+ 37. Kc1 Be4 38. Bc2 Bxc2 39. Rxc4 Bf5 40. Ra4 h6 41. Ra8+ {[#]} Kh7 $1 42. g6+ {[%mdl 32768] Accuracy: White = 39%, Black = 63%. . Loss on time!?} 1-0

[Event "Weekend Groninger Combinatie 2019"]
[Site "Groningen"]
[Date "2019.05.31"]
[Round "2.4"]
[White "Taal, Rieks"]
[Black "Pel, Bonno"]
[Result "0-1"]
[WhiteElo "2078"]
[BlackElo "2260"]
[Annotator "TA"]
[PlyCount "62"]
[EventDate "2019.05.30"]
[EventType "swiss"]
[EventCountry "NED"]
[SourceTitle "playchess.com"]
[Source "ChessBase"]
[SourceQuality "1"]

{[%evp 9,62,0,13,8,16,4,19,12,29,-5,32,-82,-60,-64,-25,-18,0,-18,-24,-43,-36,-140,-185,-201,-209,-197,-212,-227,-227,-227,-177,-227,-222,-287,-225,-287,-283,-275,-274,-271,-270,-247,-237,-337,-338,-329,-322,-364,-300,-419,-439,-961,-896,-5297,-5281]} 1. b4 Nf6 2. Bb2 e6 3. a3 a5 (3... d5 4. e3 c5 5. bxc5 Bxc5 6. Nf3 O-O 7. c4 b6 8. cxd5 Nxd5 9. d4 Be7 10. e4 Nf6 11. Nbd2 Bb7 12. Bd3 Nbd7 13. Qe2 Nh5 14. g3 {1-0 (22) Gareyev,T (2611)-Liu,X (2449) Singapore 2018}) 4. b5 c6 5. c4 d5 6. e3 {A00: Irregular Openings} Be7 7. Nf3 Nbd7 8. d4 {The position is equal.} Ne4 $146 ({Predecessor:} 8... cxb5 9. c5 Nb8 10. Nc3 O-O 11. Nxb5 {½-½ (56) Zanella,W (1629)-Lizzari,N (1844) Torino 2012}) 9. Bd3 f5 10. Ne5 (10. Nc3 $14) 10... Nxe5 $17 11. dxe5 O-O {[#] ...dxc4 is the strong threat.} 12. O-O Bd7 13. a4 Bb4 14. Ba3 Qc7 15. f4 (15. Bb2 $15) 15... dxc4 16. Bxe4 fxe4 17. b6 Qxb6 18. Qxd7 Qxe3+ {[%mdl 64] [#] Double Attack} 19. Kh1 Rxf4 {[%cal Rf4f1]} 20. Qxe6+ Kh8 {[%cal Rf4f1]} 21. Qxc4 Rxf1+ $40 {[%mdl 128] Black is out for blood.} 22. Qxf1 Rf8 {[%cal Rf8f1]} 23. Qd1 Qf2 {( -> ...Qf1+)} 24. Nd2 Bxa3 25. Nxe4 Qe3 26. Nd6 (26. Ng5 {might work better.}) 26... Bb4 $19 27. Nc4 Qe4 28. Rc1 b5 29. axb5 cxb5 30. Nd6 (30. Nb6 $142) 30... Qxe5 31. Rc8 Bxd6 {Accuracy: White = 31%, Black = 62%.} 0-1

[Event "Weekend Groninger Combinatie 2019"]
[Site "Groningen"]
[Date "2019.05.31"]
[Round "2.5"]
[White "Keuning, Selwin"]
[Black "Colbow, Collin"]
[Result "1-0"]
[WhiteElo "2070"]
[BlackElo "2169"]
[Annotator "TA"]
[PlyCount "45"]
[EventDate "2019.05.30"]
[EventType "swiss"]
[EventCountry "NED"]
[SourceTitle "playchess.com"]
[Source "ChessBase"]
[SourceQuality "1"]

{[%evp 23,45,-18,-7,-19,-10,-29,-24,-29,-25,-16,0,0,0,-126,-89,-63,0,0,242,253,239,235,743,754]} 1. e4 c5 2. c3 Nf6 3. e5 Nd5 4. Nf3 e6 5. Bc4 d6 6. O-O Nc6 7. d4 cxd4 8. cxd4 Be7 9. Qe2 O-O 10. Nc3 dxe5 11. dxe5 Nxc3 12. bxc3 Qc7 13. Bf4 {B22: Sicilian: 2 c3} (13. Qe4 b6 14. Bg5 Nxe5 15. Bxe7 Nxc4 16. Qxa8 Qxe7 17. Qe4 Qc7 18. Ng5 g6 19. Qh4 f6 20. Nxh7 g5 21. Nxf6+ Rxf6 22. Qxg5+ {1-0 (34) Szabo,G (2549)-Pichot,A (2548) chess.com INT 2017}) 13... b6 14. Bd3 Bb7 15. Rfe1 {Black has an edge.} Rfd8 16. Rad1 Rac8 $146 ({Predecessor:} 16... Rd5 17. h4 Rad8 18. h5 h6 19. Qe4 Rxd3 20. Rxd3 Nd4 21. Qe3 {0-1 (28) Sirotti,C (2202)-Stroemberg,H (2263) ICCF email 2014}) 17. Ng5 h6 18. Nh3 (18. Nxf7 $1 $11 {keeps the balance.} Kxf7 19. Qh5+ Kg8 20. Bc4 (20. Qg6 Bc5 $17)) 18... Na5 19. Qg4 {And now Bxh6 would win.} Kf8 (19... Qc6 $1 $15 20. Bxh6 Qxg2+ 21. Qxg2 Bxg2) 20. Re3 $1 $40 {[%cal Re3g3][%mdl 128] Hoping for Rg3. White has some attack.} Qxc3 $2 {[#]} (20... g5 $1 $11 {and Black is okay.}) 21. Rg3 $1 $18 g5 22. Qh5 {[%mdl 1024] White has strong compensation.} Ke8 $2 (22... Ba6) 23. Bb5+ {Accuracy: White = 73%, Black = 40%.} 1-0

[Event "Weekend Groninger Combinatie 2019"]
[Site "Groningen"]
[Date "2019.05.31"]
[Round "2.6"]
[White "De Boer, Rein"]
[Black "Wichtrup, Jan-Louis"]
[Result "1/2-1/2"]
[WhiteElo "2053"]
[BlackElo "2110"]
[Annotator "TA"]
[PlyCount "105"]
[EventDate "2019.05.30"]
[EventType "swiss"]
[EventCountry "NED"]
[SourceTitle "playchess.com"]
[Source "ChessBase"]
[SourceQuality "1"]

{[%evp 22,105,24,27,32,14,12,14,12,6,137,-11,0,0,0,0,0,-3,-22,-33,0,0,0,0,0,0,0,-542,-508,-604,-466,-476,-30,-30,0,-161,-161,-161,0,0,0,0,0,0,0,0,0,0,0,0,0,0,0,0,0,0,0,0,0,0,0,0,0,0,0,0,0,0,0,0,0,0,0,0,0,0,0,0,0,0,0,0,0,0,0,0]} 1. e4 e5 2. Nf3 Nc6 3. Bb5 a6 4. Bxc6 dxc6 5. O-O f6 6. d4 exd4 7. Nxd4 c5 8. Ne2 Qxd1 9. Rxd1 Bd6 10. Nbc3 Be6 11. Bf4 O-O-O 12. Bxd6 Rxd6 {C69: Ruy Lopez: Exchange Variation with 5 0-0 f6} (12... cxd6 13. Nf4 Bf7 14. Rd2 Ne7 15. Rad1 Kc7 16. f3 Rhe8 17. g4 g5 18. Nfd5+ Nxd5 19. Nxd5+ Bxd5 20. Rxd5 {½-½ (57) Korneev,O (2649)-Yandemirov,V (2503) Cappelle-la-Grande 2006}) 13. Rxd6 cxd6 14. Rd1 Kd7 15. Nf4 Ne7 $146 (15... Bf7 $11 {keeps the balance.}) ({Predecessor:} 15... Bf7 16. Nfd5 Ne7 17. Nxe7 Kxe7 18. Nd5+ Kd7 19. f3 Re8 20. Kf2 {½-½ (31) Asturiano Molina,J-Duque,L San Javier 1995}) 16. Ncd5 (16. Na4 $1 $16 {[%cal Ra4c5]} Bf7 17. Nxc5+ {[%mdl 64] Double Attack} Kc6 18. Ncd3) 16... Nxd5 17. Nxe6 Kxe6 18. exd5+ $11 {[%mdl 4096] Endgame KR-KR} Kd7 19. Rd3 Re8 {[%cal Re8e1]} 20. Re3 Rxe3 (20... Re5 {is more complex.} 21. Rxe5 fxe5 22. h4 Kc7 23. f4 exf4 24. Kf2 Kb6) 21. fxe3 $15 {KP-KP} f5 22. Kf2 Ke7 23. c4 Kf6 24. h3 $2 {[%mdl 8192]} (24. a4 $11 {and White has nothing to worry.}) 24... Ke5 25. Kf3 b5 $1 {[%cal Rb5c4]} 26. b3 {[#]} bxc4 $2 ({Black should play} 26... h5 $1 $19 {And now ...bxc4 would win.} 27. h4 b4) 27. bxc4 $11 g6 28. g3 $2 (28. a3 $11 {and White stays safe.}) 28... a5 $19 29. a4 {[#]} h6 $2 ({Black should try} 29... g5 $1 $19) 30. h4 $1 $11 {The position is equal.} g5 31. hxg5 $1 hxg5 32. g4 Kf6 33. Kg3 $1 fxg4 34. Kxg4 Kg6 35. e4 Kf6 36. Kh5 Ke5 37. Kxg5 Kxe4 {K3P-K3P} 38. Kf6 Kd4 39. Ke6 Kxc4 40. Kxd6 {Intending Kc6 and mate. KPP-KPP} Kb4 $1 41. Ke5 {White threatens d6 and mate.} c4 {Black wants to play ...c3.} 42. d6 $1 {[%cal Rd6d7] d7 would kill now.} c3 43. d7 c2 44. d8=Q {White wants to mate with Qd2+.} c1=Q 45. Qd4+ Qc4 46. Qxc4+ Kxc4 {KP-KP} 47. Ke4 Kb3 48. Kd3 Kxa4 {( -> ...Kb3)} 49. Kc2 Kb4 50. Kb2 a4 51. Ka2 a3 52. Kb1 a2+ (52... Kb3 $5) 53. Kxa2 {Accuracy: White = 62%, Black = 65%.} 1/2-1/2

[Event "Weekend Groninger Combinatie 2019"]
[Site "Groningen"]
[Date "2019.05.31"]
[Round "2.7"]
[White "Ernst, Sipke"]
[Black "Bosboom, Ardin"]
[Result "1-0"]
[WhiteElo "2540"]
[BlackElo "1965"]
[Annotator "TA"]
[PlyCount "97"]
[EventDate "2019.05.30"]
[EventType "swiss"]
[EventCountry "NED"]
[SourceTitle "playchess.com"]
[Source "ChessBase"]
[SourceQuality "1"]

{[%evp 9,97,37,40,19,26,26,18,20,8,22,14,10,27,0,0,0,51,20,198,191,263,265,216,17,17,18,66,10,18,10,10,12,12,12,16,16,16,20,14,13,5,10,41,31,74,52,104,67,110,52,124,119,152,118,112,109,117,107,187,191,185,191,193,193,192,192,243,237,266,239,524,520,451,433,443,418,637,608,847,497,499,485,472,419,615,402,700,696,609,620]} 1. Nf3 d5 2. c4 d4 3. b4 g5 (3... f6 4. e3 e5 5. c5 a5 6. Qa4+ Qd7 7. Bb5 c6 8. Bc4 Ne7 9. b5 Nd5 10. Ba3 Nc7 11. bxc6 Nxc6 12. O-O Nb4 13. Qb3 Bxc5 14. exd4 b5 {½-½ (14) Maghsoodloo,P (2673)-Wang,H (2718) Sharjah 2019}) 4. Bb2 Bg7 5. Nxg5 e5 6. Ne4 {A09: Réti Opening: 1 Nf3 d5 2 c4} f5 7. Nc5 b6 8. Qa4+ {The position is equal.} Kf7 9. Nd3 Ne7 10. Na3 $146 ({Predecessor:} 10. e3 e4 {0-1 (47) Shuvalov,E (2241)-Shukh,N (2435) Moscow 2018}) 10... Ng6 11. c5 e4 12. Nc1 $1 Ne5 (12... bxc5 $11 13. Nb3 cxb4 14. Qxb4 Qd5) 13. Nb3 $14 {next cxb6 is good for White.} Ng4 $2 (13... d3 $11 {and Black has nothing to worry.}) 14. h3 $18 Nxf2 (14... Ne5 $142 15. cxb6 (15. Bxd4 Nbc6 $16) (15. Nxd4 Qd5 $16) 15... cxb6 16. Nxd4 Qd5) 15. Kxf2 Qh4+ 16. g3 $2 (16. Kg1 $18 e3 17. Rh2) 16... e3+ $1 $11 17. Ke1 Qxg3+ 18. Kd1 Bb7 19. Nxd4 Rd8 $1 (19... exd2 $2 20. Nac2 $18) 20. Qb3+ Bd5 21. Nc4 $1 b5 22. Qxe3 ({But not} 22. Nxb5 Bxb2 23. Rb1 (23. Ncd6+ $2 Rxd6 24. Nxd6+ Ke6 $19) 23... Bf6 $17) 22... Qxe3 23. Nxe3 Bxh1 24. Nexf5 Bxd4 $1 25. Nxd4 ({Worse is} 25. Bxd4 Be4 $17) 25... Nc6 26. e3 Nxd4 27. Bxd4 c6 ({Black should try} 27... a5 $14) 28. Bd3 Bg2 29. Bxh7 (29. a4 $16) 29... Bxh3 (29... a5 $14) 30. Be4 $16 Rac8 31. a4 {Hoping for axb5.} a6 32. axb5 axb5 33. Kc2 Rg8 (33... Re8 $16 {was necessary.} 34. Kd3 Re7) 34. Ra7+ $18 Ke6 {[#]} 35. Rh7 $1 {[%cal Rh7h3]} Bg2 36. Rh6+ Ke7 37. Bf5 Ra8 (37... Rce8 $142 38. e4 Rgf8) 38. e4 Ra6 39. Be5 {d3 is the strong threat.} Rga8 $2 (39... Ke8 40. Kd3 Rf8) 40. Rh7+ Kf8 41. Kd3 {[#] Strongly threatening Be6.} Bf1+ 42. Ke3 R8a7 (42... Bc4 $142 43. Bd6+ Kg8) 43. Rh8+ Ke7 44. Rh6 Bc4 45. Kf4 Ra2 46. Bf6+ Kf7 (46... Kf8 $142 47. Bc3 Ke7 48. Rxc6 R2a6) 47. Bc3 Re7 (47... R2a6 $142 48. Bc8 Ke7 49. Bxa6 Rxa6) 48. Rf6+ Ke8 49. Rxc6 {Accuracy: White = 77%, Black = 42%.} 1-0